书目信息 |
| 题名: |
永乐英雄儿女
|
|
| 作者: | 吴玉中 著 | |
| 分册: | 上册 | |
| 出版信息: | 南宁 接力出版社 2004.05 |
|
| 页数: | 472页 | |
| 开本: | 21cm | |
| 丛书名: | ||
| 单 册: | ||
| 中图分类: | I247.53 | |
| 科图分类: | ||
| 主题词: | 历史小说--li shi xiao shuo--中国--现代 | |
| 电子资源: | ||
| ISBN: | 7-80679-460-3 | |
| 000 | 00829nam0 2200241 450 | |
| 001 | 012008047046 | |
| 005 | 20080423100229.87 | |
| 010 | @a7-80679-460-3@dCNY18.40 | |
| 100 | @a20080423d2004 km y0chiy0120 ea | |
| 101 | 0 | @achi |
| 102 | @aCN@b450000 | |
| 105 | @aa z 000ay | |
| 106 | @ar | |
| 200 | 1 | @a永乐英雄儿女@Ayong yue ying xiong er nu@h上册@f吴玉中著@Fwu yu zhong zhu |
| 210 | @a南宁@c接力出版社@d2004.05 | |
| 215 | @a472页@c图@d21cm | |
| 300 | @a40集同名电视连续剧强力推出 | |
| 330 | @a全文以永乐皇帝与建文帝的斗争为主线,描写了围绕这一主线而发生的一系列故事,既有皇宫深处的权力阴谋、宫闱私情,也有平常百姓的爱恨情仇。 | |
| 606 | 0 | @a历史小说@Ali shi xiao shuo@y中国@z现代 |
| 690 | @aI247.53@v4 | |
| 701 | 0 | @a吴玉中@Awu yu zhong@4著 |
| 801 | 0 | @aCN@bQSSK@c20080423 |
| 905 | @b20702140-42@dI247.53@eW919:1@f3 | |
| 永乐英雄儿女.上册/吴玉中著.-南宁:接力出版社,2004.05 |
| 472页:图;21cm |
| 40集同名电视连续剧强力推出 |
| ISBN 7-80679-460-3:CNY18.40 |
| 全文以永乐皇帝与建文帝的斗争为主线,描写了围绕这一主线而发生的一系列故事,既有皇宫深处的权力阴谋、宫闱私情,也有平常百姓的爱恨情仇。 |
| ● |
| 相关链接 |
|
|
|
正题名:永乐英雄儿女
索取号:I247.53/W919:1
 
预约/预借
| 序号 | 登录号 | 条形码 | 馆藏地/架位号 | 状态 | 备注 |
| 1 | 702140 | 207021408 | 文学库108/108文学库 44排4列3层/ [索取号:I247.53/W919:1] | 在馆 | |
| 2 | 702141 | 207021417 | 文学库108/108文学库 44排4列3层/ [索取号:I247.53/W919:1] | 在馆 | |
| 3 | 702142 | 207021426 | 文学库108/108文学库 44排4列3层/ [索取号:I247.53/W919:1] | 在馆 |